<?xml version="1.0" encoding="UTF-8"?>
<record
    xmlns:xsi="http://www.w3.org/2001/XMLSchema-instance"
    xsi:schemaLocation="http://www.loc.gov/MARC21/slim http://www.loc.gov/standards/marcxml/schema/MARC21slim.xsd"
    xmlns="http://www.loc.gov/MARC21/slim">

  <leader>00649nam a22001577a 4500</leader>
  <controlfield tag="003">OSt</controlfield>
  <controlfield tag="005">20151216153604.0</controlfield>
  <controlfield tag="008">151216b        xxu||||| |||| 00| 0 eng d</controlfield>
  <datafield tag="040" ind1=" " ind2=" ">
    <subfield code="c">RUA</subfield>
  </datafield>
  <datafield tag="082" ind1=" " ind2=" ">
    <subfield code="a">ATM HOU 2002 Or.1</subfield>
  </datafield>
  <datafield tag="100" ind1=" " ind2=" ">
    <subfield code="9">4955</subfield>
    <subfield code="a">HOURT, DOK.</subfield>
  </datafield>
  <datafield tag="245" ind1=" " ind2=" ">
    <subfield code="a">Assessment of the effect of the applacation of weeder on rice yield, &#x1780;&#x17B6;&#x179A;&#x179C;&#x17B6;&#x1799;&#x178F;&#x17C6;&#x179B;&#x17C3;&#x179B;&#x17BE;&#x17A5;&#x1791;&#x17D2;&#x1792;&#x17B7;&#x1796;&#x179B; &#x1793;&#x17C3;&#x1780;&#x17B6;&#x179A;&#x1794;&#x17D2;&#x179A;&#x17BE;&#x1794;&#x17D2;&#x179A;&#x17B6;&#x179F;&#x17CB;&#x17A7;&#x1794;&#x1780;&#x179A;&#x178E;&#x17CF;&#x1787;&#x17D2;&#x179A;&#x17C4;&#x1799;&#x178A;&#x17B8; &#x1793;&#x17B7;&#x1784;&#x1787;&#x17C6;&#x179A;&#x17C7;&#x179F;&#x17D2;&#x1798;&#x17C5;&#x1791;&#x17C5;&#x179B;&#x17BE;&#x1791;&#x17B7;&#x1793;&#x17D2;&#x1793;&#x1795;&#x179B;&#x179F;&#x17D2;&#x179A;&#x17BC;&#x17BC;&#x179C;</subfield>
  </datafield>
  <datafield tag="260" ind1=" " ind2=" ">
    <subfield code="a">Phnom Penh</subfield>
    <subfield code="b">RUA</subfield>
    <subfield code="c">2002</subfield>
  </datafield>
  <datafield tag="300" ind1=" " ind2=" ">
    <subfield code="a">38p.</subfield>
    <subfield code="b">ill.</subfield>
    <subfield code="c">29cm.</subfield>
  </datafield>
  <datafield tag="942" ind1=" " ind2=" ">
    <subfield code="2">ddc</subfield>
    <subfield code="c">ATM</subfield>
  </datafield>
  <datafield tag="999" ind1=" " ind2=" ">
    <subfield code="c">4603</subfield>
    <subfield code="d">4603</subfield>
  </datafield>
  <datafield tag="952" ind1=" " ind2=" ">
    <subfield code="0">0</subfield>
    <subfield code="1">0</subfield>
    <subfield code="2">ddc</subfield>
    <subfield code="4">0</subfield>
    <subfield code="6">ATM_HOU_2002_000000000000000_B192_OR_1</subfield>
    <subfield code="7">0</subfield>
    <subfield code="9">23779</subfield>
    <subfield code="a">LBB</subfield>
    <subfield code="b">LBB</subfield>
    <subfield code="c">B192</subfield>
    <subfield code="d">2015-12-16</subfield>
    <subfield code="l">1</subfield>
    <subfield code="o">ATM HOU 2002 B192 Or.1</subfield>
    <subfield code="p">RUA037917</subfield>
    <subfield code="r">2016-08-05</subfield>
    <subfield code="s">2016-07-15</subfield>
    <subfield code="w">2015-12-16</subfield>
    <subfield code="y">ATM</subfield>
  </datafield>
  <datafield tag="952" ind1=" " ind2=" ">
    <subfield code="0">0</subfield>
    <subfield code="1">0</subfield>
    <subfield code="2">ddc</subfield>
    <subfield code="4">0</subfield>
    <subfield code="6">ATM_HOU_2002_000000000000000_B192_OR_2</subfield>
    <subfield code="7">0</subfield>
    <subfield code="9">23780</subfield>
    <subfield code="a">LBB</subfield>
    <subfield code="b">LBB</subfield>
    <subfield code="c">B192</subfield>
    <subfield code="d">2015-12-16</subfield>
    <subfield code="l">1</subfield>
    <subfield code="o">ATM HOU 2002 B192 Or.2</subfield>
    <subfield code="p">RUA037843</subfield>
    <subfield code="r">2019-04-02</subfield>
    <subfield code="s">2019-03-06</subfield>
    <subfield code="w">2015-12-16</subfield>
    <subfield code="y">ATM</subfield>
  </datafield>
  <datafield tag="952" ind1=" " ind2=" ">
    <subfield code="0">0</subfield>
    <subfield code="1">0</subfield>
    <subfield code="2">ddc</subfield>
    <subfield code="4">0</subfield>
    <subfield code="6">ATM_HOU_2002_000000000000000_B192_OR_3</subfield>
    <subfield code="7">0</subfield>
    <subfield code="9">23781</subfield>
    <subfield code="a">LBB</subfield>
    <subfield code="b">LBB</subfield>
    <subfield code="c">B192</subfield>
    <subfield code="d">2015-12-16</subfield>
    <subfield code="o">ATM HOU 2002 B192 Or.3</subfield>
    <subfield code="p">RUA037973</subfield>
    <subfield code="r">2015-12-16</subfield>
    <subfield code="w">2015-12-16</subfield>
    <subfield code="y">ATM</subfield>
  </datafield>
  <datafield tag="952" ind1=" " ind2=" ">
    <subfield code="0">0</subfield>
    <subfield code="1">0</subfield>
    <subfield code="2">ddc</subfield>
    <subfield code="4">0</subfield>
    <subfield code="6">ATM_HOU_2002_000000000000000_B192_OR_4</subfield>
    <subfield code="7">0</subfield>
    <subfield code="9">23782</subfield>
    <subfield code="a">LBB</subfield>
    <subfield code="b">LBB</subfield>
    <subfield code="c">B192</subfield>
    <subfield code="d">2015-12-16</subfield>
    <subfield code="l">1</subfield>
    <subfield code="o">ATM HOU 2002 B192 Or.4</subfield>
    <subfield code="p">RUA037921</subfield>
    <subfield code="r">2016-07-03</subfield>
    <subfield code="s">2016-06-16</subfield>
    <subfield code="w">2015-12-16</subfield>
    <subfield code="y">ATM</subfield>
  </datafield>
  <datafield tag="952" ind1=" " ind2=" ">
    <subfield code="0">0</subfield>
    <subfield code="1">0</subfield>
    <subfield code="2">ddc</subfield>
    <subfield code="4">0</subfield>
    <subfield code="6">ATM_HOU_2002_000000000000000_B192_OR_5</subfield>
    <subfield code="7">0</subfield>
    <subfield code="9">23783</subfield>
    <subfield code="a">LBB</subfield>
    <subfield code="b">LBB</subfield>
    <subfield code="c">B192</subfield>
    <subfield code="d">2015-12-16</subfield>
    <subfield code="o">ATM HOU 2002 B192 Or.5</subfield>
    <subfield code="p">RUA036725</subfield>
    <subfield code="r">2015-12-16</subfield>
    <subfield code="w">2015-12-16</subfield>
    <subfield code="y">ATM</subfield>
  </datafield>
</record>
